1568 1963 1307 1444 1111 1533 1227 1349 1620 1096 1455 1768 1293 1370 1815 1453 1377 1890 1889 1364 1127 1134 1197 1582 1705 1591 1811 1081 1485 1018 1643 1684 1888 1705 1908 1776 1967 1388 1394 1982 1649 1257 1932 1564 1791 1717 1053 1455 1975 1718 1228 1918 1403 1359 1276 1896 1914 1385 1493 1261 1532 1718 1380 1527 1332 1237 1738 1756 1461 1939 1455 1663 1988 1214 1998 1764 1454 1114 1654 1188 1887 1546 1581 1765 1417 1779 1537 1241 1490 1005 1931 1016 1250 1218 1773 1891 1833 1282 1739 BCNSPRNW ULIB Ver.6.0+V

เปลี่ยนเป็นภาษาไทย

Change to English
 แสดงรายละเอียดบรรณานุกรม
  กลับหน้าหลัก

Brief Record : Get Marc (ISO 2709) : E-mail record : QR code < ปิดหน้าต่าง
LEADER : 00000nam 2200000uu 4500
001    13399129018
003     ULIB
008    250515s2567||||th 000 0 tha d
020    ^a9786168345030
060    ^aWJ342^bจ683ภ
100    ^aณัฏฐา ล้ำเลิศกุล,^eบรรณาธิการ
245    ^aภาวะไตวายเฉียบพลันทันยุค =^bUpdate in acute kidney injury /^cบรรณาธิการ, ณัฏฐา ล้ำเลิศกุล.
250    ^aพิมพ์ครั้งที่ 1
260    ^aกรุงเทพฯ :^bบริษัท เท็กซ์ แอนด์ เจอร์นัล พับลิเคชั่น,^c2567
300    ^axiv, 368 หน้า :^bภาพประกอบ, ตาราง, ภาคผนวก, แผนภูมิ ;^c26 ซม.
650    ^aAcute Kidney Injury.
650    ^aไตวายเฉียบพลัน
650    ^aCOVID-19
650    ^aKidney--injuries
650    ^aภาวะไตวายเฉียบพลัน^xในกลุ่มโรคจำเพาะ
650    ^aไต--บาดเจ็บ
710    ^aโรงพยาบาลจุฬาลงกรณ์ สภากาชาดไทย. หน่วยโรคไต. ^bศูนย์ความเป็นเลิศด้านโรคไตในภาวะวิกฤต.
945    ^p990^l0^i011448
945    ^p990^l0^i011449
945    ^p990^l0^i011453
999    ^aประนอม เกษจรัล
รายการนี้ยังไม่มีแท็ก
คุณยังไม่ได้ล็อกอิน คุณสามารถมีกิจกรรมร่วมกับเว็บไซต์ได้ แต่ต้องล็อกอินก่อน ::
  ล็อกอิน

รายการสื่อสารสนเทศ

ลำดับที่ ประเภท เลขเรียก/บาร์โค้ด สถานที่ สถานะ
1. วิทยาศาสตร์การแพทย์ และสุขภาพ
หนังสือสำรอง
สถานะ=หนังสือสำรอง
WJ342 จ683ภ ฉ.1 
  Barcode: 011448
ห้องสมุดวิทยาเขตสวรรค์ประชารักษ์
►หนังสือทั่วไป
บนชั้น
2. วิทยาศาสตร์การแพทย์ และสุขภาพ
วิทยาศาสตร์การแพทย์ และสุขภาพ
WJ342 จ683ภ ฉ.2 
  Barcode: 011449
ห้องสมุดวิทยาเขตสวรรค์ประชารักษ์
►หนังสือทั่วไป
บนชั้น
3. วิทยาศาสตร์การแพทย์ และสุขภาพ
วิทยาศาสตร์การแพทย์ และสุขภาพ
WJ342 จ683ภ ฉ.3 
  Barcode: 011453
ห้องสมุดวิทยาเขตสวรรค์ประชารักษ์
►หนังสือทั่วไป
บนชั้น

รายการใกล้เคียง
    หัวเรื่อง [Acute Kidney Injury.]
    หัวเรื่อง [ไตวายเฉียบพลัน]
    หัวเรื่อง [COVID-19]
    หัวเรื่อง [Kidney--injuries]
    หัวเรื่อง [ไต--บาดเจ็บ]

BibComment


ยังไม่เคยถูกคอมเมนท์

คอมเมนท์ทรัพยากรรายการนี้
  คอมเมนท์: ภาวะไตวายเฉียบพล..


 Copyright 2026. Bcnsprnw @Library